Využitie Kopula funkcií pri agregácii rizík
História kopúl. Miery rizika a agregácia rizík. Funkcie kopula a miery závislosti.
Na minha lista:
| Autor principal: | |
|---|---|
| Formato: | Capítulo de Livro |
| Idioma: | eslovaco |
| Assuntos: | |
| Tags: |
Sem tags, seja o primeiro a adicionar uma tag!
|
MARC
| LEADER | 00000naa a2200000 4500 | ||
|---|---|---|---|
| 001 | 0226158 | ||
| 005 | 20240502073720.4 | ||
| 041 | 0 | |a slo | |
| 044 | |a SK | ||
| 245 | 1 | 0 | |a Využitie Kopula funkcií pri agregácii rizík |c Michal Páleš |
| 520 | |a História kopúl. Miery rizika a agregácia rizík. Funkcie kopula a miery závislosti. | ||
| 610 | 2 | 0 | |a riziko finančné |
| 610 | 2 | 0 | |a riziko poistné |
| 610 | 2 | 0 | |a matematika finančná |
| 610 | 2 | 0 | |a matematika poistná |
| 100 | 1 | |a Páleš, Michal, 1984- | |